Szczegóły MARC21

Ob''âsnitel'nyj slovar' russkogo âzyka : strukturnye slova : predlogi, soûzy, časticy, meždometiâ, vvodnye slova, mestoimeniâ, čislitel'nye, svâzočnye glagoly : okolo 1200 edinic /

005 -DATA I CZAS OSTATNIEJ MODYFIKACJI [,]
    • @
    • pole kontrolne
    • 20090428142910.0
020 -Międzynarod. znormalizowany nr książki - ISBN [ , ]
    • a
    • Numer ISBN
    • 5170112742 Find
020 -Międzynarod. znormalizowany nr książki - ISBN [ , ]
    • a
    • Numer ISBN
    • 5271031780 Find
040 -Instytucja sporządzająca opis [ , ]
    • a
    • Instytucja, która sporządziła opis (NP)
    • SZCZ U/SA
    • c
    • Instytucja, która sporządziła rekord (NP)
    • SZCZ U/SA
    • d
    • Instytucja, która zmodyfikowała rekord (P)
    • SZCZ U/AP
041 -Język dokumentu [0, ]
    • a
    • Język tekstu (P)
    • rosyjski
044 -Kraj miejsca wydania [ , ]
    • a
    • Kraj miejsca wydania
    • ru
942 -Rodzaj dokumentu [ , ]
    • c
    • Rodzaj dokumentu
    • Książka
245 -Strefa tytułu i oznaczenia odpowiedzialności [0,0]
    • a
    • Tytuł
    • Ob''âsnitel'nyj slovar' russkogo âzyka : Find
    • b
    • Ciąg dalszy tytułu (NP)
    • strukturnye slova : predlogi, soûzy, časticy, meždometiâ, vvodnye slova, mestoimeniâ, čislitel'nye, svâzočnye glagoly : okolo 1200 edinic / Find
    • c
    • Pozostałe elementy strefy tytułu i oznaczenia odpowiedzialności (NP)
    • [V. V. Morkovkin i in.] ; pod red. V. V. Morkovkina ; Gosudarstvennyj institut russkogo âzyka im. A.S. Puškina.
250 -Strefa wydania [ , ]
    • a
    • Oznaczenie wydania (NP)
    • Izd. 2-e, isprav.
260 -Strefa adresu wydawniczego [ , ]
    • a
    • Miejsce wydania (P)
    • Moskva :
    • b
    • Nazwa wydawcy (P)
    • Izdatel'stvo AST ;
    • b
    • Nazwa wydawcy (P)
    • Izdatel'stvo Astrel',
    • c
    • Data wydania (P)
    • 2002.
300 -Strefa opisu fizycznego [ , ]
    • a
    • Określenie formy książki i/lub objętość (NP)
    • 421 s. ;
    • c
    • Format (NP)
    • 21 cm.
080 -Uniwersalna Klasyfikacja Dziesiętna [ , ]
    • 2
    • Identyfikator wydania tablic
    • UDC-P058
    • a
    • Symbol klasyfikacji
    • 811.161.1'374
    • b
    • Dopowiedzenie
    • Język rosyjski. - Słowniki języka rosyjskiego.
980 -Symbol UKD [ , ]
    • a
    • UKD
    • 811.161.1'374
700 -Hasło dodatkowe - nazwa osobowa [1, ]
    • a
    • Nazwa osobowa (NP)
    • Morkovkin, Valerij Veniaminovič. Find
    • e
    • Określenie rodzaju współpracy
    • Red.
    • 9
    • KHW
    • 80195
920 -ISBN [ , ]
    • a
    • ISBN
    • 5-17-011274-2 (AST) Find
920 -ISBN [ , ]
    • a
    • ISBN
    • 5-271-03178-0 (Astrel') Find
Status udost. Sygnatura Numer inwentarzowy Data inwentaryzacji Lokalizacja
1ROS. Gramatyka – słowniki 09P.215142009-03-02BM